000 01412nam a22003617a 4500
003 CHAP
005 20220329134534.0
008 971013s1964 r 00010 d
010 _a21839
011 _a22811
035 _a26906
040 _cCHAP
082 _a630.7
_bA86
110 _aAsociación Nacional de Directores de las Escuelas Superiores de Agricultura. México
_98083
245 _aEducación, investigación y extensión agrícolas en México. Estudio preliminar
260 _a(Monterrey, N.L. :
_bInstituto Tecnológico y de Estudios Supeiores),
_c(1964)
300 _a314 p
590 _aBATCH-UPD
_b10
_c20130110
_lUCH01
_h1916
590 _aBATCH-UPD
_b10
_c20130410
_lUCH01
_h1242
590 _aBATCH-UPD
_b10
_c20130914
_lUCH01
_h1240
590 _aBATCH-UPD
_b10
_c20140805
_lUCH01
_h1144
590 _aCONVERSION
_b10
_c20130109
_lUCH01
_h1313
650 1 4 _aAgricultura
_xInvestigación.
_91577
650 1 4 _aEducación agrícola.
_935491
650 1 4 _aExtensión agrícola.
_939144
700 0 _aRobles Gutiérrez, Leonel H.
_998081
901 _aBK
942 _cLIBRO
949 _a630.7 A86
_bBC
_cLIBRO
_d33724000031761
_eLIBRO
_h19863
_i26906
_si
949 _a630.7 A86
_bBC
_cLIBRO
_d33724000031779
_eLIBRO
_fc.2
_h19864
_i26906
_si
949 _a630.7 A86
_bBC
_cLIBRO
_d33724000031787
_eLIBRO
_fc.4
_h19865
_i26906
_si
949 _a630.7 A86
_bBC
_cLIBRO
_d33724000031795
_eLIBRO
_fc.5
_h12177
_i26906
_si
999 _c21839
_d21839